• 首页
  • 本馆介绍
  • 公告通知
  • 最新文献
  • 馆藏检索
  • 电子资源
  • 读者导购
  • 参考咨询
  • 我的图书馆
  • 登录
  • 详细信息显示
  • 放入我的书架
  • 预约/预借图书
  • 作者相关作品
  • 分类相关作品
  • 丛书相关作品
  • 出版社相关作品

书目信息

  • 表格格式
  • 工作单格式
  • 卡片格式
题名:
国史列传
    
 
作者: ;中国民族图书馆 整理
分册: 十二  
出版信息: 天津   天津古籍出版社  
页数: 全一册
开本: 21.5*13.5cm
丛书名:
单 册:
中图分类: K249.04
科图分类:
主题词: 中国--历史
电子资源:
ISBN:
000 00634nam0 2200205 450
001 0655686484
005 20061025153620.17
010    @b线装@dCNY8.50
100    @a20061025d km y0chiy0120 ea
101 0  @achi
102    @aCN@b120000
200 1  @a国史列传@h十二@Aguo shi lie chuan@f中国民族图书馆整理@Fzhong guo min zu tu shu guan zheng li
210    @a天津@c天津古籍出版社
215    @a全一册@d21.5*13.5cm
300    @a第八至第十四册为一函,共三函八十卷
606 0  @a中国@x历史
690    @aK249.04@v3
711  0 @a中国民族图书馆@Azhong guo min zu tu shu guan@4整理
801  0 @aCN@bPFT@c20061025
905    @a10447@dK249.04@e44:12
    
    国史列传.十二/中国民族图书馆整理.-天津:天津古籍出版社
    全一册;21.5*13.5cm
    第八至第十四册为一函,共三函八十卷
    
    ISBN (线装):CNY8.50
    
●
相关链接 在E读中查询图书 在五车中查询图书 在当当中查询图书 在豆瓣中查询图书


正题名:国史列传     索取号:K249.04/44:12         预约/预借

序号 登录号 条形码 馆藏地/架位号 状态 备注
1 0265366   202427766   古籍典藏专区/ [索取号:K249.04/44:12] 在馆    
唐山师范学院图书馆 欢迎您!
大连网信软件有限公司© 版权所有